000 00627 a2200133 4500
082 _aBIT-4
100 _aMohsan Jameel
_992523
245 _aMobi-Constella: Mobile Agent Base Approach Towords IP Network Topology Discovery for Large and Multi-Subnet and Hierarchy Generation Subsystem [Project BIT4]
_cMohsan Jameel
260 _a Isalamabad,
_bNUST School of Electrical Engineering & Computer Science,
_c2006.
300 _aviii, 62 p.
_b: ill.
_c ; 27 cm. +
_eCD-ROM
500 _aSupervisors : Dr. Hafiz Farooq Ahmad, Mr. Muaz Niazi.
856 _uhttp://10.250.8.41:8080/xmlui/handle/123456789/9165
942 _cPR
_k BIT-4 MOH
_2ddc
999 _c9376
_d9376